| 000 | 00572nam a2200181 a 4500 | ||
|---|---|---|---|
| 001 | 000017124 | ||
| 005 | 20240412074245.0 | ||
| 008 | 100317s1963 dr 000 j spa d | ||
| 040 |
_aDO-SdBNP _bspa _cBNPHU |
||
| 082 |
_aRD863.44 _bS944j |
||
| 100 | 1 |
_aSuero, Ángel Augusto _97384 |
|
| 245 | 1 | 0 |
_aJosé Valverde, un alma inolvidable / _cÁngel Augusto Suero. |
| 260 |
_aSanto Domingo : _bImprenta Comery, _c1963. |
||
| 300 |
_a184 p. ; _c15 cm. |
||
| 650 | 0 |
_aCuentos dominicanos _9176 |
|
| 650 | 0 |
_aLiteratura dominicana. _967 |
|
| 910 | _aValidado. Control de calidad MFF | ||
| 999 |
_c16650 _d16650 |
||